| 000 | 00832nam a22002777a 4500 | ||
|---|---|---|---|
| 003 | CHAP | ||
| 005 | 20220329143742.0 | ||
| 008 | 110607s1973 mx r 00010 spa d | ||
| 010 | _a101432 | ||
| 011 | _a102404 | ||
| 035 | _a113092 | ||
| 040 | _cCHAP | ||
| 082 | 0 | 4 |
_a972.0816 _bR25 |
| 100 | 0 | 0 |
_aReed, John. _995413 |
| 245 | 1 | 0 |
_aMéxico insurgente _c/por John Reed |
| 260 |
_aMéxico, D.F. : _bCultura Popular, _c1973 |
||
| 300 | _a255 p. | ||
| 590 |
_aBATCH-UPD _b10 _c20130110 _lUCH01 _h1535 |
||
| 590 |
_aBATCH-UPD _b10 _c20130410 _lUCH01 _h0940 |
||
| 590 |
_aBATCH-UPD _b10 _c20130914 _lUCH01 _h1827 |
||
| 590 |
_aCONVERSION _b10 _c20130109 _lUCH01 _h1356 |
||
| 650 | 1 | 4 |
_aMéxico _xHistoria _xRevolución. _976768 |
| 901 | _aBK | ||
| 942 | _cLIBRO | ||
| 949 |
_a972.0816 R25 _bBC _cLIBRO _d33724002247941 _eLIBRO _h115151 _i113092 _sb |
||
| 999 |
_c101432 _d101432 |
||